<?xml version="1.0" encoding="UTF-8"?>
<record
    xmlns:xsi="http://www.w3.org/2001/XMLSchema-instance"
    xsi:schemaLocation="http://www.loc.gov/MARC21/slim http://www.loc.gov/standards/marcxml/schema/MARC21slim.xsd"
    xmlns="http://www.loc.gov/MARC21/slim">

  <leader>02730    a2200265   4500</leader>
  <controlfield tag="001">48124</controlfield>
  <controlfield tag="005">20260407155748.0</controlfield>
  <controlfield tag="008">260407a2015    arg                 spa d</controlfield>
  <controlfield tag="003">AR-UNSa-BCEJYS</controlfield>
  <datafield tag="040" ind1=" " ind2=" ">
    <subfield code="a">AR-UNSa-BCEJYS</subfield>
    <subfield code="b">spa</subfield>
    <subfield code="c">AR-UNSa-BCEJYS</subfield>
  </datafield>
  <datafield tag="080" ind1=" " ind2=" ">
    <subfield code="a">658.15</subfield>
    <subfield code="x">Administraci&#xF3;n financiera privada. Gesti&#xF3;n financiera de empresas
</subfield>
  </datafield>
  <datafield tag="245" ind1="1" ind2="0">
    <subfield code="a">Principios de finanzas corporativas</subfield>
  </datafield>
  <datafield tag="020" ind1=" " ind2=" ">
    <subfield code="a">978-607-15-1312-0</subfield>
  </datafield>
  <datafield tag="250" ind1=" " ind2=" ">
    <subfield code="a">11a. ed.</subfield>
  </datafield>
  <datafield tag="264" ind1=" " ind2="1">
    <subfield code="a">M&#xE9;xico :</subfield>
    <subfield code="b">McGraw-Hill</subfield>
    <subfield code="c">2015</subfield>
  </datafield>
  <datafield tag="300" ind1=" " ind2=" ">
    <subfield code="a">xxii, 926 p.</subfield>
    <subfield code="c">27 cm.</subfield>
  </datafield>
  <datafield tag="505" ind1=" " ind2=" ">
    <subfield code="a">PRIMERA PARTE: Valor: 1. Introducci&#xF3;n a las finanzas corporativas - 2. C&#xF3;mo calcular valores presentes - 3. Valuaci&#xF3;n de bonos - 4. Valuaci&#xF3;n de acciones ordinarias - 5. Valor presente neto y otros criterios de inversi&#xF3;n - 6. Toma de decisiones de inversi&#xF3;n con la regla del valor presente neto - SEGUNDA PARTE: Riesgo: 7. Introducci&#xF3;n al riesgo y al rendimiento - 8. Teor&#xED;a del portafolio y modelo de valuaci&#xF3;n de activos de capital - 9. Riesgo y costo del capital - TERCERA PARTE: Las mejores pr&#xE1;cticas en el presupuesto de capital: 10. An&#xE1;lisis de proyectos - 11. Inversi&#xF3;n, estrategia y rentas econ&#xF3;micas - 12. Problemas de agencia, compensaci&#xF3;n y medici&#xF3;n del desempe&#xF1;o - CUARTA PARTE: Decisiones financieras y eficiencia de mercado - 13. Mercados eficientes y finanzas conductuales - 14. Panorama general del financiamiento corporativo - 15. Forma en la que las corporaciones emiten valores - QUINTA PARTE: Pol&#xED;ticas de pago y estructura de capital: 16. Pol&#xED;tica de pago de dividendos - 17. &#xBF;Es importante la pol&#xED;tica de endeudamiento? - 18. &#xBF;Cu&#xE1;nto debe endeudarse una empresa? - 19. Financiamiento y valuaci&#xF3;n - SEXTA PARTE: Opciones: 20. Entender las opciones - 21. Valuaci&#xF3;n de opciones - 22. Opciones reales - S&#xC9;PTIMA PARTE: Financiamiento de la deuda: 23. Riesgo de cr&#xE9;dito y valor de la deuda corporativa - 24. Los muchos tipos de deuda - 25. Arrendamiento - OCTAVA PARTE: Administraci&#xF3;n del riesgo: 26. Administraci&#xF3;n de riesgos - 27. Administraci&#xF3;n de riesgos internacionales - NOVENA PARTE: Planeaci&#xF3;n financiera y administraci&#xF3;n del capital de trabajo: 28. An&#xE1;lisis financiero - 29. Planeaci&#xF3;n financiera - 30. Administraci&#xF3;n del capital de trabajo - D&#xC9;CIMA PARTE: Fusiones, control corporativo y gobierno: 31. Fusiones - 32. Reestructuraci&#xF3;n corporativa - UND&#xC9;CIMA PARTE: Conclusi&#xF3;n: 34. Lo que sabemos y lo que no sabemos sobre finanzas.</subfield>
  </datafield>
  <datafield tag="041" ind1=" " ind2=" ">
    <subfield code="a">spa</subfield>
  </datafield>
  <datafield tag="942" ind1=" " ind2=" ">
    <subfield code="c">BK</subfield>
  </datafield>
  <datafield tag="590" ind1=" " ind2=" ">
    <subfield code="a">niveau_biblio:m niveau_hierar:0</subfield>
  </datafield>
  <datafield tag="100" ind1="1" ind2=" ">
    <subfield code="a">Brealey, Richard A.</subfield>
  </datafield>
  <datafield tag="700" ind1="1" ind2=" ">
    <subfield code="a">Myers, Stewart C.</subfield>
  </datafield>
  <datafield tag="700" ind1="1" ind2=" ">
    <subfield code="a">Allen, Franklin</subfield>
  </datafield>
  <datafield tag="856" ind1="4" ind2="1">
    <subfield code="u">https://www.biblioeco.unsa.edu.ar/pmb/images/libros/L127877.jpg</subfield>
    <subfield code="y">Imagen de portada</subfield>
    <subfield code="q">image/jpeg</subfield>
  </datafield>
  <datafield tag="999" ind1=" " ind2=" ">
    <subfield code="c">4563</subfield>
    <subfield code="d">4563</subfield>
  </datafield>
  <datafield tag="952" ind1=" " ind2=" ">
    <subfield code="0">0</subfield>
    <subfield code="1">0</subfield>
    <subfield code="4">0</subfield>
    <subfield code="7">0</subfield>
    <subfield code="a">BCEJYS</subfield>
    <subfield code="b">BCEJYS</subfield>
    <subfield code="c">16</subfield>
    <subfield code="d">2026-04-07</subfield>
    <subfield code="l">0</subfield>
    <subfield code="o">658.15 B828 11ed.</subfield>
    <subfield code="p">L127877</subfield>
    <subfield code="r">2026-04-07 15:57:48</subfield>
    <subfield code="w">2026-04-07</subfield>
    <subfield code="y">L</subfield>
  </datafield>
  <datafield tag="952" ind1=" " ind2=" ">
    <subfield code="0">0</subfield>
    <subfield code="1">0</subfield>
    <subfield code="4">0</subfield>
    <subfield code="7">0</subfield>
    <subfield code="a">BCEJYS</subfield>
    <subfield code="b">BCEJYS</subfield>
    <subfield code="c">16</subfield>
    <subfield code="d">2026-04-07</subfield>
    <subfield code="l">0</subfield>
    <subfield code="o">658.15 B828 11ed.</subfield>
    <subfield code="p">L128121</subfield>
    <subfield code="r">2026-04-07 15:57:48</subfield>
    <subfield code="w">2026-04-07</subfield>
    <subfield code="y">L</subfield>
  </datafield>
  <datafield tag="952" ind1=" " ind2=" ">
    <subfield code="0">0</subfield>
    <subfield code="1">0</subfield>
    <subfield code="4">0</subfield>
    <subfield code="7">0</subfield>
    <subfield code="a">BCEJYS</subfield>
    <subfield code="b">BCEJYS</subfield>
    <subfield code="c">16</subfield>
    <subfield code="d">2026-04-07</subfield>
    <subfield code="l">0</subfield>
    <subfield code="o">658.15 B828 11ed.</subfield>
    <subfield code="p">L128122</subfield>
    <subfield code="r">2026-04-07 15:57:48</subfield>
    <subfield code="w">2026-04-07</subfield>
    <subfield code="y">L</subfield>
  </datafield>
  <datafield tag="952" ind1=" " ind2=" ">
    <subfield code="0">0</subfield>
    <subfield code="1">0</subfield>
    <subfield code="4">0</subfield>
    <subfield code="7">0</subfield>
    <subfield code="a">BCEJYS</subfield>
    <subfield code="b">BCEJYS</subfield>
    <subfield code="c">16</subfield>
    <subfield code="d">2026-04-07</subfield>
    <subfield code="l">0</subfield>
    <subfield code="o">658.15 B828 11ed.</subfield>
    <subfield code="p">L128123</subfield>
    <subfield code="r">2026-04-07 15:57:48</subfield>
    <subfield code="w">2026-04-07</subfield>
    <subfield code="y">L</subfield>
  </datafield>
</record>
